[Event "Hastings 0102 77th"]
[Site "Hastings"]
[Date "2002.01.03"]
[Round "6"]
[White "Harikrishna, Pentala"]
[Black "Krush, Irina"]
[Result "1-0"]
[WhiteElo "2502"]
[BlackElo "2411"]
[Annotator "Huzman,A"]
[PlyCount "57"]
[EventDate "2001.12.29"]
[EventType "tourn"]
[EventRounds "9"]
[EventCountry "ENG"]
[EventCategory "11"]
[SourceTitle "CBM 087"]
[Source "ChessBase"]
[SourceDate "2002.03.21"]
[SourceVersion "1"]
[SourceVersionDate "2002.03.21"]
[SourceQuality "1"]

1. d4 d5 2. c4 dxc4 3. Nf3 Nf6 4. e3 e6 5. Bxc4 a6 6. O-O b5 7. Bb3 c5 8. a4 b4
9. e4 cxd4 10. e5 Ne4 11. Nxd4 (11. a5 Nc5 12. Bg5 Be7 13. Bxe7 Qxe7 14. Nxd4
Bb7 15. Ba4+ $6 Nxa4 16. Qxa4+ Nd7 17. Nd2 O-O 18. N4f3 Rac8 $15 {1-0
Pelletier,Y-Sadvakasov,D/Istanbul 2000/EXT 2001/[Huzman/Pelletier] (72)}) 11...
Nc5 (11... Bb7 12. Be3 Nd7 (12... Nc5 13. Bc2 Qd5 14. Nf3 Nbd7 {1/2-1/2
Sherbakov,R-Skripchenko,A/Open, Groningen NED 1998 (14)}) 13. Nd2 (13. f4 Bc5
14. Nd2 Ndf6 15. Nxe4 Nxe4 16. f5 Bxd4 17. Bxd4 Bd5 18. Be3 O-O 19. Bxd5 Qxd5
20. Qxd5 exd5 21. Rfd1 $16 {1/2-1/2 Erikalov,A-Logunov,M/RUS t-ch2
Novokuznetsk 1999 (39)}) 13... Nxd2 14. Qxd2 Nxe5 15. Bg5 Be7 16. Bxe7 Qxe7 17.
Rfe1 Qd6 18. Rad1 Ng4 19. g3 O-O-O 20. Qg5 Kb8 21. Nxe6 Qc6 22. Rxd8+ Rxd8 23.
Qxd8+ Ka7 24. Qd4+ Kb8 25. f3 {1-0 Yanvarev,I-Mesropov,K/Moscow 1992 (25)}) 12.
Bc4 (12. Bc2 Bb7 {[%cal Yd8d5]} 13. f4 Nc6 $11) 12... Bb7 13. a5 Qc7 (13...
Nbd7 14. f4 Rc8 15. Be3) 14. Nd2 (14. f4 Nc6 15. Nxc6 Qxc6 16. Qe2 Rd8 17. Be3
Nd3 (17... Be7 18. Rc1 Rg8 $5 {[%cal Gg7g5]} (18... O-O 19. Nd2)) 18. Bb3)
14... Qxe5 (14... Ncd7 15. Re1 Nxe5 16. Qh5 $40) 15. N2f3 Qd6 (15... Qc7 $5)
16. Bd2 Be7 17. Bxb4 Nc6 (17... Nbd7 18. Rc1 O-O 19. Qe2 Rfd8 20. Rfd1 Qf4) (
17... O-O 18. Rc1 (18. Qe2 Nc6 19. Nxc6 Qxc6)) 18. Nxc6 Qxc6 19. Rc1 Rc8 20.
Be2 Qa4 $2 (20... O-O 21. Bxc5 Bxc5 22. b4 Rfd8 23. Qe1 $18) (20... Qe4 21. Rc4
Qf5 22. Qc2 Qxc2 (22... Be4 23. Qc3 O-O 24. Qe3 $36 (24. Rc1 Na4)) 23. Rxc2 $36
) 21. Qxa4+ Nxa4 22. Rxc8+ Bxc8 23. Rc1 $1 $18 Bd7 (23... Kd8 24. Bxe7+ Kxe7
25. b3 Nb2 26. Rc2 $18) 24. Bxe7 Kxe7 25. b3 Nb2 26. Rc2 Rc8 27. Rxb2 Rc1+ 28.
Bf1 Bb5 29. Nd2 1-0

[Event "RUS Cup final 6th"]
[Site "Nefteyugansk"]
[Date "2002.10.10"]
[Round "6"]
[White "Popov, Valerij"]
[Black "Smirnov, Pavel"]
[Result "1/2-1/2"]
[WhiteElo "2568"]
[BlackElo "2562"]
[Annotator "Huzman,A"]
[PlyCount "52"]
[EventDate "2002.10.06"]
[EventType "tourn"]
[EventRounds "11"]
[EventCountry "RUS"]
[EventCategory "11"]
[SourceTitle "CBM 092"]
[Source "ChessBase"]
[SourceDate "2003.02.06"]
[SourceVersion "1"]
[SourceVersionDate "2003.02.06"]
[SourceQuality "1"]

1. d4 d5 2. c4 e6 3. Nf3 Nf6 4. Nc3 dxc4 5. e3 a6 6. a4 c5 7. Bxc4 Nc6 8. O-O
Be7 9. Ne5 cxd4 10. Nxc6 bxc6 11. exd4 a5 12. Qf3 Nd5 13. Qg3 (13. Ne4 Ba6 14.
b3 O-O 15. Rd1 Nb6 (15... Qb6 16. Qg3 Qb8 17. Qh3 Rd8 18. Qf3 Rd7 19. h3 Qa7
20. Bd2 Nb6 21. Bxa6 Qxa6 22. Qg3 Kh8 $11 {0-1 Pinter,J-Hoelzl,F/Austria 1998/
CBM 63 ext (68)}) 16. Bxa6 Rxa6 17. Bd2 (17. Ba3 Bxa3 18. Rxa3 Nd5 19. Raa1 Rb6
20. Rac1 Ne7 $15 {0-1 Gohil,H-Baburin,A/Liechtenstein 1993/TD (54)}) (17. Nc5
Bxc5 18. dxc5 Nd5 19. Bb2 f6 (19... Qe7 20. Rac1 f6 21. Rc4 Ra7 22. Re1 Qf7 23.
h4 e5 24. h5 Rb7 25. h6 g6 26. Rb1 Rfb8 27. Bc1 g5 28. Bd2 $132 {1-0 Skatchkov,
P-Zayac,E/St Petersburg 1998/EXT 99 (43)}) 20. Rd3 Ra7 21. Re1 e5 22. Qe4 Qe8
23. Qc4 Qf7 24. Bc1 Rb8 $15 {0-1 Skembris,S-Vulfson,V/Halkidiki 2000/EXT 2001 
(40)}) 17... Nd5 18. Rac1 Qb6 19. Bg5 Ba3 20. Rc4 Rb8 21. Rd3 Nb4 $4 22. Nf6+ {
1-0 Pinter,J-Flear,G/FRA 1989/TD (22)}) 13... O-O 14. Bh6 Bf6 {The weaknesses
on "d4" and "c6" seem to compensate for each other. White's attempt to kindle
the fire of attack by sacrificing the "d4" pawn looks very risky.} 15. Ne4 Bxd4
(15... Ba6 16. Bxa6 (16. b3 Bxd4 17. Rad1 Qb6 18. Rd2 Ne7 {[%cal Ye7g6]} 19.
Nd6 Ng6 $17) 16... Rxa6 17. Rad1 Rb6 18. b3 Kh8 $11) 16. Rfd1 Qb6 (16... Bxb2
17. Rab1 Bf6 18. Rb6 $1 $44) 17. Rd2 (17. Ra3 f5 18. Rad3 Bxb2 19. Rb3 Qc7 $17)
17... Ne7 (17... f5 18. Rad1 Bxb2 $13) 18. Rad1 (18. Nd6 Ng6 $17) 18... Nf5 19.
Qg5 Be5 (19... Bxf2+ 20. Rxf2 Nxh6 21. Nf6+ Kh8 22. Rd3 $1 {[%cal Gd3h3,Gh3h6,
Gd3g3,Gg3g7]} e5 (22... Ng8 23. Rg3 (23. Nh5 g6 24. Qe5+ f6 25. Nxf6 Rxf6 26.
Rdf3 Qb8 27. Qc3 Qb4) 23... g6 24. Bd3 $1 {/\25.Nh7} Nxf6 25. Qxf6+ Kg8 26.
Bxg6 $18) 23. Rg3 Nf5 24. Rh3 gxf6 (24... h6 25. g4 Qe3 26. Qxf5 $1 $16) 25.
Qxf6+ Ng7 (25... Kg8 26. Rg3+ Nxg3 27. Bxf7+ Rxf7 28. Qxf7+ Kh8 29. Qf8#) 26.
Rg3 Rg8 27. Bxf7 Qd8 28. Qxe5 $16) 20. g4 Nd4 (20... Bxh2+ 21. Kxh2 Nxh6 22.
Kg2 c5 23. Nf6+ Kh8 24. Rh1 Bb7+ 25. f3 Rad8 26. Rf2 $16) 21. Kg2 f5 22. f4 $1
(22. gxf5 Rxf5 23. Qg4 Kh8 24. f4 gxh6 25. fxe5 c5 $17 {[%cal Yc8b7,Yb7g2]})
22... Nf3 $1 23. Qe7 $1 fxe4 (23... Ra7 $1 24. Bxe6+ Bxe6 25. Qxe6+ Kh8 26.
Kxf3 fxe4+ 27. Kg2 e3 28. Re2 (28. Rc2 Bf6 29. Bg5 Raf7 $17) 28... Bf6 29. Bg5
Re7 30. Qd6 Ree8 $15) 24. Rd8 Qxb2+ 25. Kf1 Nxh2+ 26. Kg1 Nf3+ (26... Bd4+ 27.
Kh1 Rxd8 28. Qxd8+ Kf7 29. Qc7+ Kg6 (29... Ke8 30. Qxc6+ Kf7 31. Qc7+ $11) 30.
Qe7 $1 Nf3 (30... gxh6 $2 31. f5+ exf5 32. Bf7+ Kg7 33. Bh5+ Kg8 34. Qf7+ Kh8
35. Qf8#) 31. Qe8+ Kf6 32. Qf8+ Kg6 $11) 1/2-1/2

[Event "BCF-ch 89th"]
[Site "Torquay"]
[Date "2002.08.01"]
[Round "4"]
[White "Pert, Nicholas"]
[Black "Ganguly, Surya Shekhar"]
[Result "1-0"]
[WhiteElo "2460"]
[BlackElo "2524"]
[Annotator "Huzman,A"]
[PlyCount "61"]
[EventDate "2002.07.29"]
[EventType "swiss"]
[EventRounds "11"]
[EventCountry "ENG"]
[SourceTitle "CBM 091"]
[Source "ChessBase"]
[SourceDate "2002.11.12"]
[SourceVersion "1"]
[SourceVersionDate "2002.11.12"]
[SourceQuality "1"]

{[%mdl 1]} 1. d4 {Atlas,V} d5 2. c4 dxc4 3. e3 Nf6 4. Bxc4 e6 5. Nf3 c5 6. O-O
a6 7. Bb3 cxd4 8. exd4 Nc6 9. Nc3 Be7 10. Bg5 O-O 11. Qd2 Na5 12. Bc2 b5 13.
Qf4 Bb7 (13... Ra7 14. Rad1 Bb7 (14... Nc4 15. Qh4 $1 g6 16. Ne5 Nd5 17. Bxe7
Qxe7 18. Qxe7 Nxe7 19. Nxc4 bxc4 20. Be4 Bb7 21. f3 {1/2-1/2 Kacheishvili,
G-Izoria,Z/Batumi GEO 2002/(21)}) 15. d5 Bxd5 16. Nxd5 exd5 17. Qh4 h5 18. Rfe1
Nc6 19. g4 Qd6 20. gxh5 Qb4 21. h6 Qxh4 22. Nxh4 Ne4 23. hxg7 Rc8 24. Bxe7 Nxe7
25. Bxe4 dxe4 26. Rxe4 Kxg7 27. Rd6 $1 {1-0 Kramnik,V-Anand,V/Dortmund 2001/
CBM 85/[Huzman] (39)} (27. Rd6 $18)) 14. Qh4 (14. Rad1 g6 15. Bh6 Nh5 16. Qg4
f5 17. Qh3 Rc8 18. d5 $1 $16 {1-0 Tkachiev,V-Lesiege,A/New Delhi/Theran 2000/
CBM 81/[Huzman] (39)}) 14... g6 (14... h6 15. Bxh6 gxh6 16. Qxh6 Rc8 (16...
Bxf3 17. gxf3 $18 {[%cal Gf1g1,Gg1h1]}) 17. Ng5 Qb6 (17... Re8 18. Bh7+ Kh8 19.
Bg6+ Kg8 20. Bxf7#) 18. Rae1 Qxd4 (18... Nc4 19. Re4 Bxe4 20. Ncxe4 $18) 19.
Rxe6 $18 fxe6 $140 20. Bh7+ Kh8 21. Bf5+ Kg8 22. Bxe6+ Rf7 23. Bxf7#) 15. d5 $5
Bxd5 16. Ne4 Bxe4 17. Bxe4 Ra7 18. Rad1 Nd5 19. Rfe1 f6 ({White have to prove
that their initiative is enough to compensate sacrifised pawn after} 19... Re8
$1 20. Bxe7 Raxe7 21. Ne5 (21. Ng5 f6) 21... Rc7 22. Qg3 Nc4 23. Nxg6 hxg6 24.
Bxd5 Rd7 25. Bf3 Nxb2 26. Rxd7 Qxd7 27. h4) 20. Bh6 Re8 $2 21. Qg4 Bf8 (21...
f5 22. Bxf5 exf5 23. Qd4 $18) 22. Bxg6 $18 {Atlas,V: 'After this sacrifice
White's attack becomes irresistible.'} hxg6 23. Qxg6+ Bg7 (23... Kh8 24. Rxd5
$18) 24. Rxd5 {Atlas,V: 'A winning move, exploiting a shaky position of
Black's e8-rook.'} Qxd5 ({Or} 24... Rd7 {Atlas,V} 25. Bxg7 {, winning.}) 25.
Qxe8+ Kh7 26. Bxg7 Rxg7 27. Re3 $1 {[%cal Ge3h3] Atlas,V: 'Bringing the rook
into attack.'} Nc4 (27... Qd1+ 28. Ne1 $18 Qg4 {was more stubborn, although
White is clearly winning in this line too.}) 28. Ng5+ $1 {[%mdl 64] Atlas,V:
'A remarkable game conclusion.'} Rxg5 (28... Qxg5 29. Rh3+ Qh6 30. Rxh6+ Kxh6
31. Qxe6 $18) (28... Kh6 {Atlas,V} 29. Rh3+ Kxg5 30. Qh5+ Kf4 31. Rh4+ Rg4 32.
Rxg4#) 29. Qf7+ Kh6 30. Qxf6+ Kh7 ({If} 30... Kh5 {Atlas,V then} 31. Rh3+ Kg4
32. f3+) 31. Qf7+ (31. Qf7+ Kh6 (31... Kh8 {Atlas,V} 32. Rh3+) 32. Rxe6+ $18)
1-0

[Event "Asia-ch 4th"]
[Site "Doha"]
[Date "2003.02.22"]
[Round "1"]
[White "Sundararajan, Kidambi"]
[Black "Adianto, Utut"]
[Result "0-1"]
[WhiteElo "2416"]
[BlackElo "2562"]
[Annotator "Huzman,A"]
[PlyCount "62"]
[EventDate "2003.02.22"]
[EventType "swiss"]
[EventRounds "9"]
[EventCountry "QAT"]
[SourceTitle "CBM 094"]
[Source "ChessBase"]
[SourceDate "2003.05.26"]
[SourceVersion "1"]
[SourceVersionDate "2003.05.26"]
[SourceQuality "1"]

1. d4 d5 2. c4 dxc4 3. Nf3 Nf6 4. e3 a6 5. Bxc4 b5 6. Bb3 Bb7 7. O-O e6 8. a4
b4 9. Nbd2 c5 10. e4 cxd4 11. e5 Nfd7 12. Nc4 Be7 13. Bg5 (13. Qxd4 Nc5 14.
Qxd8+ Kxd8 15. Bc2 Nbd7 16. b3 Bd5 17. Nfd2 f6 18. exf6 Bxf6 19. Rb1 Ne5 $6 20.
Nb6 Rb8 21. a5 $1 Nc6 22. Ndc4 Nd4 23. Be3 $1 $14 {1-0 Georgiev,K-Ibragimov,I/
New York 1998/CBM 64/[Huzman] (65)}) (13. Nxd4 Nc5 (13... O-O 14. Qg4 Kh8 15.
Rd1 Nc6 16. Nxc6 Bxc6 17. Bf4 Bd5 18. Nd2 Nc5 19. Bc2 Re8 20. Qh3 {1/2-1/2
Evseev,D-Feoktistov,A/NOR 1999/EXT 2003 (20)}) 14. Qg4 Kf8 15. Rd1 Qc7 16. Bg5
h5 17. Qf4 Bxg5 18. Qxg5 Nc6 19. Nxc6 Nxb3 20. Nb6 Qxb6 21. Rd7 Kg8 22. Ne7+
Kf8 23. Ng6+ Kg8 24. Qe7 Kh7 25. Qxf7 {1-0 Stocek,J-Estrada,J/Koszeg 1997/EXT
2001 (25)}) 13... O-O 14. Bxe7 Qxe7 15. Bc2 $2 (15. Nxd4 Bd5 (15... Rd8 16. Qh5
Nc6 17. Nxc6 Bxc6 18. Bc2 g6 $15) 16. Re1 Rd8 17. Qg4 Nc6 $11) 15... Bd5 16. b3
(16. Qxd4 Nc6 (16... Bxf3 17. gxf3) 17. Qd3 g6 18. Rfe1 Qc5 19. Nfd2 Rfc8 20.
Rac1 Bxc4 21. Nxc4 Ndxe5 22. Nxe5 Nxe5 23. Qg3 Qd4 $1 $17) 16... Nc6 17. Re1 (
17. Nxd4 Qg5 18. Nf3 Qh5 $17) 17... Bxc4 18. bxc4 Nc5 $17 19. Be4 (19. Nxd4
Nxd4 20. Qxd4 Rab8 $17 (20... b3 $5 $17)) 19... Nxe4 20. Rxe4 Rfd8 21. Qd3 Rac8
22. Nd2 (22. Nxd4 Qc5 $19) 22... Qc7 23. Rae1 h6 24. h4 Kh8 25. Qg3 $2 (25. Nb3
$142) 25... d3 $19 26. R1e3 Nd4 $1 (26... b3 $1 27. Rxd3 b2 $19) 27. Rxd3 Nf5
$1 28. Qf3 Rxd3 29. Qxd3 Rd8 30. Qc2 Qc6 $1 31. f3 (31. Rg4 Qd7 32. Nf1 Qd1 33.
Qxd1 Rxd1 34. c5 a5 $19) 31... Qc5+ (31... Qc5+ 32. Kh2 Qf2 $19) 0-1

[Event "USA-CHN Summit 2nd"]
[Site "Shanghai"]
[Date "2002.07.15"]
[Round "4"]
[White "Zhu, Chen"]
[Black "Krush, Irina"]
[Result "1-0"]
[WhiteElo "2505"]
[BlackElo "2413"]
[Annotator "Huzman,A"]
[PlyCount "91"]
[EventDate "2002.07.11"]
[EventType "team"]
[EventRounds "4"]
[EventCountry "CHN"]
[SourceTitle "CBM 091"]
[Source "ChessBase"]
[SourceDate "2002.11.12"]
[SourceVersion "1"]
[SourceVersionDate "2002.11.12"]
[SourceQuality "1"]

1. d4 d5 2. c4 dxc4 3. Nf3 Nf6 4. e3 e6 5. Bxc4 c5 6. O-O a6 7. Bb3 b5 8. a4 b4
9. Nbd2 Bb7 10. e4 Be7 11. e5 Nfd7 12. Re1 O-O (12... cxd4 13. Ne4) 13. Ne4
cxd4 14. Bf4 (14. Qd3 Nc6 15. Bc2 g6 16. Bf4 Qb6 $15) 14... Nc5 $6 (14... Nc6
$5 15. Bc2 (15. Nxd4 Ndxe5 16. Nxc6 Nxc6 17. Nd6 Qb6 $15) 15... Qb6 16. Qd3 g6
$13) 15. Nxc5 Bxc5 16. Rc1 Nd7 (16... Be7 17. Nxd4 Nd7 18. Nxe6 $18) (16... Qb6
17. a5 (17. Qd3 Bxf3 18. Qxf3 Nd7 $15) 17... Qa7 (17... Qxa5 18. Ng5 h6 19.
Nxf7 $5 Kxf7 20. Qh5+ (20. Qg4 Bc8) 20... Ke7 (20... Kg8 21. Bxe6+ Kh7 22. Bxh6
gxh6 23. Bf5+ Rxf5 24. Qxf5+ Kg7 25. Qf6+ Kg8 26. e6 $18) 21. Qg4 $13) 18. Qd3
Bxf3 19. Qxf3 Nd7 20. Rcd1 $44) 17. Nxd4 {[%cal Gd4e6]} Qh4 (17... Qe7 $2 18.
Nf5 $1 exf5 19. e6 $16) 18. Be3 $8 Rad8 $2 (18... Rac8 $1 19. Rc4 (19. Nxe6 $2
Bxe3 20. Rxe3 fxe6 $19 {[%cal Yh4f2,Yf8f2]}) (19. f4 Rfd8 $36 {[%cal Yd8d1]})
19... Bd5 20. Nf5 Qd8 $17) 19. Rc4 $1 Qe7 (19... Bd5 $2 20. Nf5 $18) 20. Qh5 (
20. Bc2 $5) 20... Bd5 (20... g6 21. Qh6 Bd5 22. Bg5 f6 23. exf6 Nxf6 24. Rxc5
$1 Qxc5 25. Nxe6 Bxe6 (25... Qe7 $1 26. Bxd5 Rxd5 27. Qxf8+ Qxf8 28. Nxf8 Rxg5
29. Ne6 Rd5 $44 {[%cal Yd5d2]}) 26. Rxe6 Nd5 27. Be3 $1 Qc7 28. Bd4 $1 {
[%cal Ge6g6]} Qf7 29. Re5 $18) 21. Nc6 $1 {[%mdl 64]} (21. Nf5 exf5 22. Rh4
Qxh4 23. Qxh4 Bxb3 $17) (21. Bg5 f6 22. Rxc5 Nxc5 23. Bc2 Be4 $1 (23... g6 24.
exf6 Qf7 25. Qh4 $44) 24. Rxe4 Nxe4 25. Bxe4 g6 26. exf6 Qf7 27. Qd1 e5 $17)
21... Bxc6 22. Rh4 h6 $2 (22... Be4 $1 23. Rxe4 Bxe3 24. R4xe3 Nc5 25. Bc2 g6
$11) 23. Bxh6 g6 (23... gxh6 24. Rg4+ Qg5 25. Rxg5+ hxg5 26. Qxg5+ Kh8 27. Bc2
f5 28. Qh6+ Kg8 29. Qxe6+ $18) 24. Qg4 $1 {[%cal Gg4h3,Gh3h8]} (24. Bxf8 $2
gxh5 25. Bxe7 Bxe7 26. Rxh5 Nc5 $17) 24... Rfe8 (24... Bb6 $5 25. Qh3 Qc5 26.
Re2 $1 Nxe5 27. Be3 $18) 25. Qh3 (25. Bg5 Qf8 26. Bxd8 $6 (26. Qh3 Qg7 27. Bh6
Qh8 28. Bg5 Qg7 $11) 26... Rxd8 27. Bxe6 Bxf2+ $1 28. Kxf2 fxe6+ 29. Kg3 (29.
Kg1 Qc5+ 30. Kh1 Nf8 $17 {[%cal Yd8d2]}) 29... Qf5 30. Qxf5 gxf5 31. Rxb4 Kf7
$132 {[%cal Yd8g8]}) 25... Nxe5 26. Rxe5 Bxf2+ (26... Bd4 $5 27. Bg5 (27. Rxd4
Rxd4 28. Bg5 Qd6 (28... f6 $2 29. Rxe6 Rd1+ 30. Bxd1 $1 (30. Re1+ $2 Bd5 $3 $19
) 30... Qxe6 31. Qxe6+ Rxe6 32. Bb3 Kf7 $11) 29. Re1 Rd3 30. Qh6 Qd4 $19) 27...
Bxe5 $1 28. Bxe7 Rxe7 29. Rxb4 Red7 30. f3 Kg7 $44) 27. Kxf2 Qf6+ 28. Bf4 Rd2+
29. Re2 (29. Ke1 Rxb2 30. Rg4 Rd8 $44) 29... Rxe2+ 30. Kxe2 Qxb2+ $2 (30... Rd8
$1 31. Bc1 (31. Rg4 Qxb2+ 32. Ke1 Be4 33. Qe3 Bf5 $1 (33... Bc2 34. Bxc2 Qxc2
35. Qc1 Qe4+ 36. Qe3 Qb1+ 37. Kf2 Qc2+ 38. Qe2 $16) 34. Rh4 Rd3 35. Qb6 Qa1+
36. Ke2 Qb2+ $11) 31... Bxg2 32. Qxg2 Qxh4 33. Bg5 Qd4 (33... Qh5+ 34. Ke3 Rc8
35. h4 Kh8 36. Ke4 $5 $14) 34. Bxd8 Qxb2+ 35. Kf1 Qxb3 36. Bf6 Qc4+ 37. Kf2
Qf4+ 38. Qf3 Qxh2+ 39. Kf1 Kh7 $13 40. Be7 f5 41. Bxb4 g5 $13) 31. Bd2 Rd8 32.
Qe3 a5 (32... Bxg2 33. Qh6 (33. Rxb4 $16) 33... Qe5+ 34. Be3 (34. Kf2 Qf6+ 35.
Bf4 (35. Kxg2 Rxd2+ 36. Qxd2 Qxh4 $11) 35... Rd2+ 36. Ke1 Rb2 37. Qh8+ Qxh8 38.
Rxh8+ Kxh8 39. Be5+ $18) 34... Qb2+ 35. Ke1 Qa1+ 36. Bc1 Qc3+ 37. Bd2 Qa1+ (
37... Qe5+ 38. Kf2 Qf6+ 39. Bf4 $16) 38. Bd1 $18) 33. Qh6 $18 Qe5+ 34. Kf1 Qa1+
35. Bc1 Qf6+ 36. Kg1 Rd3 37. Qh7+ Kf8 38. Qh8+ Qxh8 39. Rxh8+ Kg7 40. Rh3 Rd7
41. Re3 Rc7 42. Bb2+ Kf8 43. Bf6 Ke8 44. Rd3 Bd7 45. Kf2 Rc5 46. g4 1-0

[Event "Montreal 3rd"]
[Site "Montreal"]
[Date "2002.08.02"]
[Round "8"]
[White "Barsov, Alexei"]
[Black "Lesiege, Alexandre"]
[Result "1-0"]
[WhiteElo "2550"]
[BlackElo "2561"]
[Annotator "Huzman,A"]
[PlyCount "157"]
[EventDate "2002.07.25"]
[EventType "tourn"]
[EventRounds "11"]
[EventCountry "CAN"]
[EventCategory "11"]
[SourceTitle "CBM 091"]
[Source "ChessBase"]
[SourceDate "2002.11.12"]
[SourceVersion "1"]
[SourceVersionDate "2002.11.12"]
[SourceQuality "1"]

1. d4 d5 2. c4 dxc4 3. e3 Nf6 4. Bxc4 e6 5. Nf3 c5 6. O-O a6 7. Bb3 cxd4 8.
exd4 Nc6 9. Nc3 Be7 10. Bg5 O-O 11. Qd2 h6 12. Bf4 Re8 13. Rad1 (13. d5 exd5
14. Nxd5 Nxd5 15. Bxd5 Bb4 $11) 13... Bf8 (13... Nb4 14. Ne5 Nbd5 15. Bg3 Bb4
16. Qd3 Bxc3 17. bxc3 b5 18. Rfe1 Bb7 19. c4 bxc4 20. Nxc4 Re7 21. Ba4 Nb6 22.
Nxb6 Qxb6 23. Be5 Ng4 24. Bc2 g6 25. Bf4 Kg7 26. h3 Nf6 27. Be5 $16 {1-0 Macek,
V-Mueller,S/Saint Vincent ITA 2002/(31)}) 14. Ne5 (14. Be5 Nxe5 15. Nxe5 b5 16.
Qf4 Qc7 17. Rc1 Qe7 18. Ne4 Nxe4 19. Qxe4 Bb7 20. Qg4 Rad8 21. Rc3 Qg5 $17 {
0-1 Bluvshtein,M-Lesiege,A/Montreal CAN 2002/(56)}) 14... Ne7 15. Qd3 Ned5 16.
Nxd5 (16. Bc1 b5 17. Qg3 Bb7 $1 18. Bxh6 Nxc3 19. bxc3 Ne4 20. Qg4 Nf6 21. Qg5
Qe7 22. Rd3 $16 {1/2-1/2 Kramnik,V-Anand,V/Mainz 2001/CBM 84/[Huzman] (25)})
16... Nxd5 (16... exd5 17. Rc1 $14) 17. Bc2 f5 18. Qg3 (18. Bd2 $14) 18... Nxf4
$6 (18... Qf6 19. Bb3 b6 20. Bxd5 exd5 21. Rc1 $16) 19. Qxf4 Bd6 20. Rfe1 a5
21. h4 (21. Ba4 $5 Re7 22. h4 $16 {[%csl Rc8,Re6]}) 21... a4 {[%cal Ya8a5,
Ya5e5]} 22. Rd3 Be7 23. h5 Bg5 (23... Qd5 24. Rg3 Bg5 25. Rxg5 $1 hxg5 26. Qxg5
Qd8 27. Qg6 $40 {[%cal Gh5h6]}) 24. Qf3 Ra6 (24... Qb6 $5 25. Qd1 $1 Qxb2 26.
Bxa4 b5 27. Bb3 $16) 25. d5 exd5 (25... Bf6 $5 $132 26. Qd1 exd5 27. Rxd5 Qc7
28. Ng6 $36) 26. Rxd5 Qf6 27. Re2 Be6 28. Ng6 $16 {[%cal Ge2e8]} Raa8 29. Rde5
Bd7 (29... Qf7 30. Bxf5 Bxa2 31. Rxe8+ Rxe8 32. Rxe8+ Qxe8 33. Qxb7 $16) 30.
Qxb7 Qd6 31. Bxf5 $18 Red8 32. Bxd7 Qxd7 33. Re8+ (33. Qxd7 Rxd7 34. f4 Bf6 35.
R5e4 Rb7 36. Ne5 $18) 33... Qxe8 34. Rxe8+ Rxe8 35. Qd5+ Kh7 36. b4 axb3 37.
axb3 Bf6 38. g3 Rab8 39. Qc6 Red8 40. Qe4 Kg8 41. Nf4 Kh8 42. Nd5 Rd6 43. Qc4
Rbd8 44. Nf4 Rd2 45. Kg2 R2d4 (45... Bd4 46. Ne6 Rxf2+ 47. Kh3 $18) 46. Qb5
R4d6 47. b4 Bd4 48. Ng6+ Kh7 49. Ne7 $1 Bf6 50. Nc6 Rd5 51. Qe2 R8d6 52. b5 Rc5
53. Qe4+ Kh8 54. Qe8+ Kh7 55. Ne7 Bxe7 56. Qxe7 Rdd5 57. Qe4+ Kh8 58. Qe8+ Kh7
59. b6 Re5 60. Qg6+ Kh8 61. b7 Rb5 62. Qc6 Rxh5 63. Qe8+ Kh7 64. b8=Q Rxb8 65.
Qxb8 Rc5 66. Qd6 Rc8 67. g4 Rc3 68. f3 Re3 69. Kf2 Re8 70. Qd7 Rb8 71. Kg3 Rf8
72. f4 Rf6 73. Qe7 Ra6 74. Qe4+ Kh8 75. Kh4 Rf6 76. Kh5 Rb6 77. g5 hxg5 78.
fxg5 Rb8 79. Kg6 1-0

[Event "Corus-B"]
[Site "Wijk aan Zee"]
[Date "2003.01.12"]
[Round "2"]
[White "Koneru, Humpy"]
[Black "Karjakin, Sergey"]
[Result "1/2-1/2"]
[WhiteElo "2496"]
[BlackElo "2547"]
[Annotator "Huzman,A"]
[PlyCount "83"]
[EventDate "2003.01.14"]
[EventType "tourn"]
[EventRounds "13"]
[EventCountry "NED"]
[EventCategory "13"]
[SourceTitle "CBM 093"]
[Source "ChessBase"]
[SourceDate "2003.04.01"]
[SourceVersion "1"]
[SourceVersionDate "2003.04.01"]
[SourceQuality "1"]

1. Nf3 d5 2. d4 Nf6 3. c4 dxc4 4. e3 e6 5. Bxc4 a6 6. O-O c5 7. b3 cxd4 8. Nxd4
Be7 9. Bb2 O-O 10. a4 (10. Nd2 b5 (10... Bd7 11. N2f3 Nc6 12. Qe2 Nxd4 13. Bxd4
Qe8 14. a4 Bc6 15. Ne5 Bd5 16. Bxd5 Nxd5 $11 {1/2-1/2 Chekhov,V-Hansen,L/
Germany 1996/GER-chT2 (30)}) (10... Qa5 11. Be2 Rd8 12. Qc2 Bd7 13. Nc4 Qc7 14.
Rac1 b5 15. Nd2 Qxc2 16. Rxc2 e5 17. N4f3 Bf5 18. Rcc1 Nbd7 19. Rfd1 Rac8 20.
Nf1 Bc2 21. Rd2 Bg6 $132 {1-0 Hoang Thanh Trang-Ezsol,M/Hungary 1997/EXT 2000 
(79)}) (10... Nbd7 11. Be2 Nc5 12. Nc4 Nd5 13. Ne5 f6 14. Nd3 e5 15. Nxc5 Bxc5
16. Nf3 Be6 $15 {0-1 Fahed,A-Tayeb,S/Dubai 1999/CBM 70 ext (44)}) 11. Be2 Bb7
12. a4 (12. Bf3 Qb6 13. Rc1 Nd5 14. a4 Nd7 15. Be2 e5 16. Nf5 Bb4 17. Bf3 Rfd8
18. Qe2 Bf8 19. Rfd1 g6 20. Ng3 Bg7 $11 {0-1 Gonzalez Velez,F-Magem Badals,J/
Terrassa 1995/EXT 98 (33)}) 12... bxa4 (12... b4 13. Bf3 Nd5 14. Rc1 Ra7 15.
Qe2 Bf6 16. Ne4 Be5 17. Nc5 Qf6 18. Bxd5 Bxd5 19. f4 Bxd4 20. Bxd4 $18 {
1-0 Jacimovic,D-Brady,S/Yerevan 1996/EXT 97 (47)}) 13. Rxa4 Nbd7 14. Bf3 (14.
Nc4 Nc5 15. Ra2 Bd5 16. Bc3 Qb8 17. Ba5 Bd8 18. b4 Nce4 19. Qc1 Bc7 20. Bxc7
Qxc7 21. Rc2 Qb7 $14 {1-0 Gordenko,D-Butsenko,I/Kiev 2001/EXT 2003 (30)}) 14...
Nd5 15. Nc4 Rc8 16. Ra1 Nc5 17. Ne5 Qb6 18. Nc4 Qc7 19. Rc1 Rfd8 $11 {1-0
Rodriguez,J-Ricardi,P/Buenos Aires 1993/EXT 98 (82)}) 10... Bd7 11. Nd2 Nc6 12.
N2f3 Rc8 $11 13. Rc1 Qa5 14. Qe2 Qh5 $1 {[%csl Rb3][%cal Yc6a5]} 15. h3 Na5 {
[%cal Ya5b3,Ya5c4]} 16. Bd3 $5 e5 17. Nxe5 Qxe5 18. Nc6 Nxc6 19. Bxe5 Nxe5 $15
{Usually three pieces are stronger than a queen in this kind of position. But
White could get counterplay which was enough for a draw by energetic play on
the kingside.} 20. Bb1 Be6 21. e4 Rxc1 (21... g5 $5 22. Qe3 Nfd7 $15 {[%csl
Rb1]}) (21... Ba3 22. Rxc8 Rxc8 23. f4 Nc6 24. e5 $36) 22. Rxc1 Nc6 23. e5 Nd7
24. f4 $1 g6 25. f5 $1 (25. Be4 Nd4 26. Qb2 Nxb3 $17) 25... gxf5 26. Qh5 Ndxe5
27. Bxf5 Bxf5 28. Qxf5 Re8 (28... Rd8 29. Re1 Ng6 30. Rf1 $132) 29. Re1 Bf8 30.
Re4 Bg7 (30... Re6 $142) 31. b4 $1 Rd8 32. b5 axb5 33. axb5 Nd4 (33... Ne7 34.
Qg5 f6 35. Qe3 $11) 34. Qf1 b6 (34... f5 $5 35. Re3 b6 $15) 35. Qc1 {[%cal
Gc1c7]} Ne6 36. Qe3 $1 Nd7 (36... Nd3 37. Qxb6 Bd4+ 38. Rxd4 Rxd4 39. Qb8+ Rd8
40. Qg3+ Kf8 41. b6 $132) 37. Rxe6 $1 fxe6 38. Qxe6+ Kf8 39. Qd6+ Kf7 40. Qd5+
Kf8 41. Qd6+ Kf7 (41... Kg8 42. g4 Bf6 43. Kg2 Kg7 $15) 42. Qd5+ 1/2-1/2